000 00285nam a22000857a 4500
008 240418b ||||| |||| 00| 0 eng d
100 _aShreves Philatelic Galleries inc
245 _aThe Grand Prix Collection formed by Dr. Pichai Buranasombati
650 _aGreat Britain | Line Engraved Issues
999 _c3588
_d3588